Perpaduan teras kejayaan (Record no. 108183)

MARC details
000 -LEADER
fixed length control field 00847nam a2200265 i 4500
001 - CONTROL NUMBER
control field C2-0305156
003 - CONTROL NUMBER IDENTIFIER
control field PPAK
005 - DATE AND TIME OF LATEST TRANSACTION
control field 20180728090338.0
008 - FIXED-LENGTH DATA ELEMENTS--GENERAL INFORMATION
fixed length control field 100801s2010 my a|||| ||||| | may d
020 ## - INTERNATIONAL STANDARD BOOK NUMBER
International Standard Book Number 9789675242632
040 ## - CATALOGING SOURCE
Original cataloging agency PPAK
Language of cataloging eng
Transcribing agency PPAK
Description conventions rda
082 04 - DEWEY DECIMAL CLASSIFICATION NUMBER
Classification number 306.09595
Edition number 23
090 00 - LOCALLY ASSIGNED LC-TYPE CALL NUMBER (OCLC); LOCAL CALL NUMBER (RLIN)
Classification number (OCLC) (R) ; Classification number, CALL (RLIN) (NR) 306.09595
Feature heading NUR
Feature heading K
100 0# - MAIN ENTRY--PERSONAL NAME
Personal name Nur Azmi Mokhtar,
Relator term author
245 10 - TITLE STATEMENT
Title Perpaduan teras kejayaan
264 #1 - PRODUCTION, PUBLICATION, DISTRIBUTION, MANUFACTURE, AND COPYRIGHT NOTICE
Place of production, publication, distribution, manufacture Melaka :
Name of producer, publisher, distributor, manufacturer Media Ink Publishing ,
Date of production, publication, distribution, manufacture, or copyright notice 2010
300 ## - PHYSICAL DESCRIPTION
Extent 48 pages :
Other physical details illustrations ;
Dimensions 26 cm
336 ## - CONTENT TYPE
Source rdacontent
Content type term text
337 ## - MEDIA TYPE
Source rdamedia
Media type term unmediated
338 ## - CARRIER TYPE
Source rdacarrier
Carrier type term volume
490 1# - SERIES STATEMENT
Series statement Siri kenali budaya rasa muhibah
650 10 - SUBJECT ADDED ENTRY--TOPICAL TERM
Topical term or geographic name entry element Social interaction - Malaysia - Juvenile literature. ; Malaysia - Race relations - Juvenile literature.
830 #0 - SERIES ADDED ENTRY--UNIFORM TITLE
Uniform title Siri kenali budaya rasa muhibah
942 ## - ADDED ENTRY ELEMENTS (KOHA)
-- dc
Koha item type Book
Holdings
Withdrawn Not for loan Current library Shelving location Date acquired Full call number Barcode Date last seen Koha item type Total Checkouts Date last checked out
    Perpustakaan Alor Setar Pinjaman Kanak-kanak 22/09/2010 K 306.09595 NUR A01354045 09/05/2018 Book    
    Perpustakaan Baling Pinjaman Kanak-kanak 22/09/2010 K 306.09595 NUR A01354048 09/05/2018 Book    
    Perpustakaan Bandar Baharu Pinjaman Kanak-kanak 22/09/2010 K 306.09595 NUR A01354050 09/05/2018 Book    
    Perpustakaan Jitra Pinjaman Kanak-kanak 22/09/2010 K 306.09595 NUR A01354046 09/05/2018 Book    
    Perpustakaan Kulim Pinjaman Kanak-kanak 22/09/2010 K 306.09595 NUR A01354047 05/09/2022 Book 1 24/08/2022
    Perpustakaan Langkawi Pinjaman Kanak-kanak 22/09/2010 K 306.09595 NUR A01354049 09/05/2018 Book    
    Perpustakaan Merbok Pinjaman Kanak-kanak 22/09/2010 K 306.09595 NUR A01354051 09/05/2018 Book